Warhammer 40k Primarchs and Legions - Statistics

General Stats
  • This quiz has been taken 3,271 times
    3,238 since last reset
  • The average score is 22 of 38
Answer Stats
Legion Number Primarch/Legion Name % Correct
I Lion El'Johnson
93%
I Dark Angels
91%
III Fulgrim
72%
III Emperor's Children
70%
XX Alpha Legion
64%
XX Alpharius/Omegon
63%
XIII Ultramarines
63%
IV Iron Warriors
61%
IV Perturabo
60%
VII Rogal Dorn
58%
XIII Roboute Guilliman
57%
II Unknown
57%
V White Scars
57%
IX Blood Angels
56%
VII Imperial Fists
56%
XVI Horus
55%
V Jaghatai Khan
55%
VI Space Wolves
55%
XII Angron
54%
X Iron Hands
54%
IX Sanguinius
54%
XII World Eaters
54%
XIV Death Guard
53%
VI Leman Russ
53%
X Ferrus Manus
52%
XVI Luna Wolves/Sons of Horus
52%
XIV Mortarion
52%
XIX Raven Guard
52%
XVIII Salamanders
52%
XV Magnus the Red
51%
XV Thousand Sons
51%
XIX Corax
50%
XVIII Vulkan
50%
VIII Night Lords
49%
XI Unknown
49%
XVII Word Bearers
48%
VIII Konrad Curze
47%
XVII Lorgar
47%
No matching quizzes found
Score Distribution
Percent of People with Each Score
Percentile by Number Answered
Your Score History
You have not taken this quiz since the last reset